000 01811cam a2200433 4500
003 PE-LiUPU
005 20250731173520.0
020 _a0923309187
035 _a(Sirsi) i9780923309183
035 _a(Sirsi) 18631
035 _a(Sirsi) 18631
041 _aen
044 _aus
082 0 4 _a286.73
_bS78
100 1 _aStandish, Colin D.
245 _aDeceptions of the new theology.
264 1 _aVirginia :
_bHartland Publications,
_c1989
300 _a190 páginas ;
_c21 cm.
505 0 _aRoman Catholic foundations of the new theology -- Historic roots of the new theology in the Seventh-day Adventist Church -- Dealing with the new theology -- Legalism, the scourge of adventism -- The human nature of christ and the new theology -- The nature of sin and the new theology -- The sanctuary message and the new theology I, II part -- Prophetic interpretation and the new theology -- The spirit of prophecy and the new theology -- The gospel and the new theology -- Reaping the harvest.
526 _aSEG42
526 _aSEG41
526 _aSEG40
526 _aSEG39
526 _aP94
526 _aP87
526 _aP86
526 _aP85
526 _aP77
526 _aP76
526 _aP35
610 _aIASD
_xDoctrinas
942 _2ddc
_cBOOK
949 _a286.73 S78
_i41533
_lCCODEBUL1
_mBUL
_tLIBRO
_o.STAFF. Colección general
859 _q41533
_h286.73
_iS78
910 _aaj-mc
596 _a1
999 _a286.73 S78
_wDEWEY
_c59594
_i50763
_f2021-11-11
_g5
_lCCODEBUL1
_mBUL
_r0
_sY
_tBOOK
_u2015-6-16
_xTEOLOGIA
_PP35
_0COMPRA
_o.STAFF. Colección General
_d59594
999 _a286.73 S78
_wDEWEY
_c2
_i41533
_f2021-11-11
_g5
_lCCODEBUL1
_mBUL
_r0
_sY
_tBOOK
_u2015-4-23
_xTEOLOGIA
_zUNKNOWN
_0COMPRA
_o.STAFF. Colección General
980 _81
_gALBERTO SANCHEZ Responsable de Automatización